Statistics for Living in Britain - fairly simple

Click here to take the quiz!

General Stats

  • This quiz has been taken 181 times
  • The average score is 11 of 15

Answer Stats

Hint Answer % Correct
On what side of the road do you have to drive?Left
99%
Where do the Beatles hail from?Liverpool
95%
What is London's main airport called?Heathrow
90%
Harry Potter's station of departure for Hogwarts is Kings Cross. In which direction do trains from Kings Cross depart?North
88%
What famous playwright originated from Stratford-upon-Avon?Shakespeare
87%
If you were drinking scrumpy in an English pub, which directional corner of the U.K. would you be in?South West
84%
If someone claims Geordie heritage, where are they from?Newcastle
82%
You always hear about Big Ben. What part of the clock tower is Big Ben?Bell
69%
In which body of water is the Isle of Man located?Irish Sea
67%
Which county was the white rose in the War of the Roses?Yorkshire
66%
Where is the home port of the Royal Navy?Portsmouth
61%
And the red rose?Lancashire
54%
In which county is Stonehenge?Wiltshire
44%
What is the furthest North point of mainland U.K.John O'Groats
44%
The Queen makes her home in four palaces or castles. Buckingham, Windsor, Balmoral and ?Sandringham
39%

Score Distribution

Percentile by Number Answered

Percent of People with Each Score

Your Score History

You have not taken this quiz